000 00293nam a22001337a 4500
008 170526b xxu||||| |||| 00| 0 eng d
020 _a0130153974
041 _aeng
080 _a62
100 _a25
101 _aIM
245 _aPLYMER PROCESS ENGINEERING
_cGRULKE, E.A
942 _2udc
_cBK
999 _c14408
_d14408